000
003130000a22001330004500
003
MACL
040
_a
MACL
090
_c
35048
_d
35046
100
_a
Ranganathan, S R
245
_a
The Five Laws of Library Science
260
_b
Blunt And Sons LTD
_c
1957
650
_a
Library & information
942
_c
BOOK
_k
020/Ran
999
_c
34679
_d
34679